110 bài tập kinh tế vĩ mô

Quyển sách "110 bài tập kinh tế vĩ mô" gồm 2 phần. Phần bài tập tập trung các vấn đề về khái quát kinh tế vĩ mô, lý thuyết xác định sản lượng quốc gia, tồng cầu và chính sách tài khoá, chính sách tiền tệ, lạm phát và thất ngh...

Full beskrivning

Sparad:
Bibliografiska uppgifter
Huvudupphovsman: Vũ, Thị Minh Phương
Materialtyp: Bok
Språk:Undetermined
Publicerad: Hà Nội Đại học Thương mại 1999
Ämnen:
Taggar: Lägg till en tagg
Inga taggar, Lägg till första taggen!
Thư viện lưu trữ: Trung tâm Học liệu Trường Đại học Cần Thơ
LEADER 01061nam a2200217Ia 4500
001 CTU_110458
008 210402s9999 xx 000 0 und d
020 |c 18000 
082 |a 339 
082 |b Ph561 
100 |a Vũ, Thị Minh Phương 
245 0 |a 110 bài tập kinh tế vĩ mô 
245 0 |c Vũ Thị Minh Phương 
260 |a Hà Nội 
260 |b Đại học Thương mại 
260 |c 1999 
520 |a Quyển sách "110 bài tập kinh tế vĩ mô" gồm 2 phần. Phần bài tập tập trung các vấn đề về khái quát kinh tế vĩ mô, lý thuyết xác định sản lượng quốc gia, tồng cầu và chính sách tài khoá, chính sách tiền tệ, lạm phát và thất nghiệp, thương mại quốc tế. Phần 2 là hướng dẫn giải và đáp án. 
650 |a Macroeconomics 
650 |x Problems, exercises, etc. 
904 |i Năm 
980 |a Trung tâm Học liệu Trường Đại học Cần Thơ